000 00667nam a2200217Ii 4500
003 JO-AjNU
008 230606s9999||||xx |||||||||||||| ||und||
020 _a0-14-043-0814
040 _aJO-AjNU
_beng
_erda
_cJO-AjNU
041 _aeng
050 1 4 _aPR3182.G8 1976
100 3 _aGunby, D.C.,
_eauthor
_95549
245 0 0 _a John Webster. Three Plays: The White Devil the Duchess of Malfi/ the Devil’s Law-Case
264 3 1 _aOxford : Pergamon press , 1976
300 _a458p
336 _atext
_btxt
_2rdacontent
337 _aunmediated
_bn
_2rdamedia
338 _avolume
_bnc
_2rdacarrier
490 0 _aThe Penguin English Library
650 4 _a plays
_95550
999 _aE2870
_c2868
_d2868